| 000 | 00439nam a2200181Ia 4500 | ||
|---|---|---|---|
| 008 | 210210b1995 xxu||||| |||| 00| 0 eng d | ||
| 020 | _a8170419727 | ||
| 041 | _aeng | ||
| 082 | _a510.02 AROO | ||
| 100 | _aARORA (S K) | ||
| 245 | _aObjective mathematics | ||
| 260 |
_aNew Delhi _bAnmol Publications Pvt. Ltd. _c1995 |
||
| 300 | _av,219 | ||
| 650 | _aObjective | ||
| 650 | _amathematics | ||
| 690 | _aMathematics | ||
| 906 | _a064188 | ||
| 999 |
_c140418 _d140418 |
||